5HLuxD.jpg

KING HENRY VIII SENIOR AND PRIMARY SCHOOL LIBRARY OPAC

Stardust Academy / (Record no. 1774)

000 -LEADER
fixed length control field 00805nam a22003011i 4500
001 - CONTROL NUMBER
control field 020369224
003 - CONTROL NUMBER IDENTIFIER
control field UkOxU
005 - DATE AND TIME OF LATEST TRANSACTION
control field 20230127100936.0
008 - FIXED-LENGTH DATA ELEMENTS--GENERAL INFORMATION
fixed length control field 150130s2015 enk j 000|f|eng|d
015 ## - NATIONAL BIBLIOGRAPHY NUMBER
National bibliography number GBB529373
Source bnb
016 7# - NATIONAL BIBLIOGRAPHIC AGENCY CONTROL NUMBER
Record control number 017094930
Source Uk
020 ## - INTERNATIONAL STANDARD BOOK NUMBER
International Standard Book Number 9781407138749 (pbk.) :
035 ## - SYSTEM CONTROL NUMBER
System control number (Uk)017094930
040 ## - CATALOGING SOURCE
Original cataloging agency StDuBDS
Language of cataloging eng
Description conventions rda
Transcribing agency StDuBDS
Modifying agency Uk
-- KH8
042 ## - AUTHENTICATION CODE
Authentication code ukblsr
082 04 - DEWEY DECIMAL CLASSIFICATION NUMBER
Classification number 823.92 ROW
Edition number 23
100 1# - MAIN ENTRY--PERSONAL NAME
Personal name Rowden, Siobhan,
Relator term author.
245 10 - TITLE STATEMENT
Title Stardust Academy /
Statement of responsibility, etc. Siobhan Rowden.
264 #1 - PRODUCTION, PUBLICATION, DISTRIBUTION, MANUFACTURE, AND COPYRIGHT NOTICE
Place of production, publication, distribution, manufacture London :
Name of producer, publisher, distributor, manufacturer Scholastic,
Date of production, publication, distribution, manufacture, or copyright notice 2015.
300 ## - PHYSICAL DESCRIPTION
Extent 1 volume ;
Dimensions 20 cm
336 ## - CONTENT TYPE
Content type term text
Source rdacontent
337 ## - MEDIA TYPE
Media type term unmediated
Source rdamedia
338 ## - CARRIER TYPE
Carrier type term volume
Source rdacarrier
500 ## - GENERAL NOTE
General note Formerly CIP.
Institution to which field applies Uk
521 1# - TARGET AUDIENCE NOTE
Target audience note 8+.
655 #0 - INDEX TERM--GENRE/FORM
Genre/form data or focus term Children's stories.
942 ## - ADDED ENTRY ELEMENTS (KOHA)
Source of classification or shelving scheme
Koha item type Books - Non Ficton
Holdings
Withdrawn status Lost status Source of classification or shelving scheme Damaged status Not for loan Collection code Permanent Location Current Location Shelving location Date acquired Total Checkouts Full call number Barcode Date last seen Date last checked out Price effective from Koha item type
          Non-Fiction KH8 Primary School Library KH8 Primary School Library Non Fiction 2023-01-27 4 823.92 ROW KHPL000003524 2025-12-05 2024-09-26 2023-01-27 Books - Non Ficton

Powered By KH8 IT Dept